[Event "Hedmark & Oppland Region-ch C&D"]
[Site "Hamar"]
[Date "2009.03.29"]
[Round "5"]
[White "Reistad, Arne"]
[Black "Flensborg, Egil"]
[Result "0-1"]
[WhiteElo "1125"]
[BlackElo "985"]
[PlyCount "54"]
[EventDate "2009.03.28"]
[EventType "swiss"]
[EventRounds "5"]
[EventCountry "NOR"]
[SourceTitle "EXT 2024"]
[Source "ChessBase"]
[SourceDate "2023.10.10"]
[SourceVersion "1"]
[SourceVersionDate "2023.10.10"]
[SourceQuality "1"]

1. e4 c5 2. d4 cxd4 3. Qxd4 Nc6 4. Qa4 e5 5. Bb5 Nge7 6. Nf3 Qa5+ 7. Qxa5 Nxa5 8. Nxe5 a6 9. Bd3 Nac6 10. Nxc6 Nxc6 11. 0-0 Bc5 12. Nc3 0-0 13. Nd5 Re8 14. Kh1 Rb8 15. Bf4 d6 16. c3 b5 17. b4 Ba7 18. Bxd6 Rb7 19. f4 Rd7 20. e5 Bb7 21. Be4 Rxd6 22. Bxh7+ Kxh7 23. exd6 Rd8 24. Ne7 Rxd6 25. Rae1 Rd2 26. Nxc6 Bxc6 27. Re7 Bxg2# 0-1

[Event "Hedmark & Oppland Region-ch C&D"]
[Site "Hamar"]
[Date "2009.03.28"]
[Round "2"]
[White "Reistad, Arne"]
[Black "Haukenes, Alise"]
[Result "0-1"]
[WhiteElo "1125"]
[BlackElo "1070"]
[PlyCount "58"]
[EventDate "2009.03.28"]
[EventType "swiss"]
[EventRounds "5"]
[EventCountry "NOR"]
[SourceTitle "EXT 2024"]
[Source "ChessBase"]
[SourceDate "2023.10.10"]
[SourceVersion "1"]
[SourceVersionDate "2023.10.10"]
[SourceQuality "1"]

1. e4 c5 2. Nf3 Nc6 3. Bb5 g6 4. 0-0 Bg7 5. Bxc6 bxc6 6. Nc3 Nf6 7. d3 d5 8. Ne5 Qc7 9. f4 0-0 10. exd5 Nxd5 11. Nxd5 cxd5 12. Be3 d4 13. Bf2 Bxe5 14. fxe5 Qxe5 15. Qf3 Bd7 16. Rae1 Qd6 17. Bg3 Qf6 18. Qb7 Qc6 19. Qxc6 Bxc6 20. Rxe7 Bd5 21. b3 Rfe8 22. Bd6 Rxe7 23. Bxe7 Rc8 24. Rf6 Re8 25. Bxc5 Re2 26. Rf2 Re1+ 27. Rf1 Re2 28. Bxd4 Rxg2+ 29. Kh1 Rg4+ 0-1